[Event "Wetherby 4NCL op-B 6th"]
[Site "Wetherby"]
[Date "2016.01.09"]
[Round "3"]
[White "Frith, Shane S"]
[Black "Livesey, R Nigel"]
[Result "1-0"]
[WhiteElo "1502"]
[BlackElo "1838"]
[PlyCount "65"]
[EventDate "2016.01.08"]
[EventType "swiss"]
[EventRounds "5"]
[EventCountry "ENG"]
[SourceTitle "CBM 170 Extra"]
[Source "ChessBase"]
[SourceDate "2016.02.25"]
[SourceVersion "1"]
[SourceVersionDate "2016.02.25"]
[SourceQuality "1"]

1. e4 c6 2. d4 d5 3. exd5 cxd5 4. c4 Nf6 5. Nc3 e6 6. Nf3 Be7 7. cxd5 Nxd5 8. Bd3 Nc6 9. 0-0 0-0 10. Re1 Bf6 11. Be4 g6 12. Bh6 Bg7 13. Qd2 Nf6 14. h3 Nxd4 15. Nxd4 Bxh6 16. Qxh6 Qxd4 17. Rad1 Qb4 18. Rd2 Bd7 19. Qg5 Nxe4 20. Rxe4 Qb6 21. Rxd7 Qxb2 22. Rc4 Rac8 23. Rdc7 Rcd8 24. Ne4 Kg7 25. Nc5 Rd6 26. Nd7 Rd1+ 27. Kh2 Qxf2 28. Qe5+ Kh6 29. Qf4+ Qxf4+ 30. Rxf4 g5 31. Rf2 Rd8 32. Rxf7 Rd2 33. Ne5 1-0

[Event "Hampstead op 34th"]
[Site "Hampstead"]
[Date "2015.11.29"]
[Round "3"]
[White "Frith, Shane S"]
[Black "Fordham, Nicholas"]
[Result "0-1"]
[WhiteElo "1502"]
[BlackElo "1981"]
[PlyCount "80"]
[EventDate "2015.11.28"]
[EventType "swiss"]
[EventRounds "5"]
[EventCountry "ENG"]
[SourceTitle "CBM 169 Extra"]
[Source "ChessBase"]
[SourceDate "2015.12.18"]
[SourceVersion "1"]
[SourceVersionDate "2015.12.18"]
[SourceQuality "1"]

1. e4 Nf6 2. e5 Nd5 3. c4 Nb6 4. d4 d6 5. exd6 exd6 6. Nc3 Nc6 7. Be3 Be7 8. Rc1 0-0 9. Be2 f5 10. d5 Ne5 11. b3 f4 12. Bd4 Bf6 13. Nf3 Bf5 14. 0-0 Nbd7 15. Re1 g5 16. h3 h5 17. Bxe5 dxe5 18. Bd3 Bg7 19. Bxf5 Rxf5 20. Qd3 Qf8 21. Ne4 Bh6 22. c5 g4 23. hxg4 hxg4 24. c6 bxc6 25. dxc6 Nb6 26. Nh4 Rh5 27. Ng6 Qg7 28. Nc5 Re8 29. Qe4 Bg5 30. Qf5 Qh7 31. f3 gxf3 32. Rxe5 f2+ 33. Kxf2 Bh4+ 34. Nxh4 Rxf5 35. Rxe8+ Kf7 36. Nxf5 Qxf5 37. Rd8 Qe5 38. Rf8+ Kxf8 39. Nd7+ Nxd7 40. cxd7 Qe3+ 0-1